|
|
|
|
| LEADER |
01221nam a2200325 4500 |
| 001 |
on1120723166 |
| 003 |
OCoLC |
| 005 |
20200326101204.0 |
| 006 |
m o d |
| 007 |
cr cnu---unuuu |
| 008 |
190923s2019 mau o 000 0 eng d |
| 040 |
|
|
|a OPELS
|b eng
|e rda
|e pn
|c OPELS
|d OCLCF
|d UKAHL
|d GrThAP
|
| 020 |
|
|
|a 9780128176207
|q (print)
|
| 035 |
|
|
|a (OCoLC)1120723166
|
| 050 |
|
4 |
|a QR53
|
| 082 |
0 |
4 |
|a 660.62
|2 23
|
| 245 |
0 |
0 |
|a Advances in applied microbiology.
|n Volume 108 /
|c edited by Geoffrey Michael Gadd, Sima Sariaslani.
|
| 264 |
|
1 |
|a Cambridge, MA :
|b Academic Press,
|c 2019.
|
| 300 |
|
|
|a 1 online resource.
|
| 336 |
|
|
|a text
|b txt
|2 rdacontent
|
| 337 |
|
|
|a computer
|b c
|2 rdamedia
|
| 338 |
|
|
|a online resource
|b cr
|2 rdacarrier
|
| 588 |
0 |
|
|a Print version record.
|
| 650 |
|
0 |
|a Industrial microbiology.
|
| 650 |
|
7 |
|a Industrial microbiology.
|2 fast
|0 (OCoLC)fst00971352
|
| 655 |
|
4 |
|a Electronic books.
|
| 700 |
1 |
|
|a Gadd, Geoffrey M.,
|e editor.
|
| 700 |
1 |
|
|a Sariaslani, Sima,
|e editor.
|
| 776 |
0 |
8 |
|i Print version:
|t Advances in applied microbiology. Volume 108
|z 9780128176207
|w (OCoLC)1120200981
|
| 856 |
4 |
0 |
|3 ScienceDirect
|u https://www.sciencedirect.com/science/bookseries/00652164/108
|z Full Text via HEAL-Link
|